Modern swimming and traninig techniques : (Record no. 128786)

MARC details
000 -LEADER
fixed length control field 00648nam a22002177a 4500
005 - DATE AND TIME OF LATEST TRANSACTION
control field 20170124110045.0
010 ## - LIBRARY OF CONGRESS CONTROL NUMBER
LC control number 707211
020 ## - INTERNATIONAL STANDARD BOOK NUMBER
Terms of availability 00.00
International Standard Book Number 0213994186
035 ## - SYSTEM CONTROL NUMBER
System control number 707211
037 ## - SOURCE OF ACQUISITION
Source of stock number/acquisition Cen Lib/Ret
040 ## - CATALOGING SOURCE
Original cataloging agency DPL
Language of cataloging EN
082 ## - DEWEY DECIMAL CLASSIFICATION NUMBER
Classification number 797.2
Item number EAD
100 ## - MAIN ENTRY--PERSONAL NAME
Personal name Eady Roger
9 (RLIN) 24440
245 ## - TITLE STATEMENT
Title Modern swimming and traninig techniques :
Statement of responsibility, etc by Roger Eady
Remainder of title for coach and competiotr /
260 ## - PUBLICATION, DISTRIBUTION, ETC. (IMPRINT)
Place of publication, distribution, etc London
Name of publisher, distributor, etc Arthur Barker Limited
Date of publication, distribution, etc 1972
270 ## - ADDRESS
Address 5, Winsley Street
City London
Postal code W1
300 ## - PHYSICAL DESCRIPTION
Extent 171p. :
Dimensions 18cm(Hb)
650 ## - SUBJECT ADDED ENTRY--TOPICAL TERM
Topical term or geographic name as entry element Swimming
9 (RLIN) 24441
650 ## - SUBJECT ADDED ENTRY--TOPICAL TERM
Topical term or geographic name as entry element Swimming techniques
9 (RLIN) 24442
942 ## - ADDED ENTRY ELEMENTS (KOHA)
Source of classification or shelving scheme Dewey Decimal Classification
Koha item type English Books
Classification part 797.2
Call number suffix EAD
Holdings
Withdrawn status Lost status Damaged status Not for loan Home library Current library Date acquired Source of acquisition Cost, normal purchase price Total Checkouts Full call number Barcode Date last seen Date checked out Copy number Cost, replacement price Price effective from Koha item type
        Central Library Central Library 03/07/2015 Cen Lib/Ret 0.00 2 797.2 EAD 707211 22/08/2024 09/05/2024 1 0.00 03/07/2015 English Books

© Delhi Public Library
Hit Counter
free hit counter